<?xml version="1.0" encoding="UTF-8"?>
<record
    xmlns:xsi="http://www.w3.org/2001/XMLSchema-instance"
    xsi:schemaLocation="http://www.loc.gov/MARC21/slim http://www.loc.gov/standards/marcxml/schema/MARC21slim.xsd"
    xmlns="http://www.loc.gov/MARC21/slim">

  <leader>00798nam a22002417a 4500</leader>
  <controlfield tag="001"> 35302 </controlfield>
  <controlfield tag="003">UA-OsUOA</controlfield>
  <controlfield tag="005">20210722102740.0</controlfield>
  <controlfield tag="007">ta</controlfield>
  <controlfield tag="008">20051121b un ||||| |||| 00| 0 ukr d</controlfield>
  <datafield tag="020" ind1=" " ind2=" ">
    <subfield code="a">9666421216</subfield>
  </datafield>
  <datafield tag="040" ind1=" " ind2=" ">
    <subfield code="a">UA-OsUOA</subfield>
    <subfield code="b">ukr</subfield>
    <subfield code="c">UA-OsUOA</subfield>
    <subfield code="d">UA-OsUOA</subfield>
  </datafield>
  <datafield tag="041" ind1=" " ind2=" ">
    <subfield code="a">ukr</subfield>
  </datafield>
  <datafield tag="080" ind1=" " ind2=" ">
    <subfield code="a">82(091)(477)</subfield>
  </datafield>
  <datafield tag="090" ind1=" " ind2=" ">
    <subfield code="a">82(091)(477)</subfield>
    <subfield code="b">&#x406;-90</subfield>
  </datafield>
  <datafield tag="245" ind1=" " ind2=" ">
    <subfield code="a">&#x406;&#x441;&#x442;&#x43E;&#x440;&#x456;&#x44F; &#x443;&#x43A;&#x440;&#x430;&#x457;&#x43D;&#x441;&#x44C;&#x43A;&#x43E;&#x457; &#x43B;&#x456;&#x442;&#x435;&#x440;&#x430;&#x442;&#x443;&#x440;&#x438; &#x425;&#x406;&#x425; &#x441;&#x442;. (70 &#x2013; 90-&#x442;&#x456; &#x440;&#x43E;&#x43A;&#x438;): &#x443; 2-&#x445; &#x43A;&#x43D;.</subfield>
    <subfield code="c">&#x437;&#x430; &#x440;&#x435;&#x434;. &#x41E;. &#x414;. &#x413;&#x43D;&#x456;&#x434;&#x430;&#x43D; </subfield>
    <subfield code="n">&#x41A;&#x43D;. 2</subfield>
  </datafield>
  <datafield tag="260" ind1=" " ind2=" ">
    <subfield code="a">&#x41A;.</subfield>
    <subfield code="b">&#x412;&#x438;&#x449;&#x430; &#x448;&#x43A;&#x43E;&#x43B;&#x430;</subfield>
    <subfield code="c">2003</subfield>
  </datafield>
  <datafield tag="300" ind1=" " ind2=" ">
    <subfield code="a">439 &#x441;.</subfield>
  </datafield>
  <datafield tag="650" ind1=" " ind2="7">
    <subfield code="a">82 &#x41B;&#x456;&#x442;&#x435;&#x440;&#x430;&#x442;&#x443;&#x440;&#x430;. &#x41B;&#x456;&#x442;&#x435;&#x440;&#x430;&#x442;&#x443;&#x440;&#x43E;&#x437;&#x43D;&#x430;&#x432;&#x441;&#x442;&#x432;&#x43E;</subfield>
    <subfield code="2">UDC</subfield>
  </datafield>
  <datafield tag="942" ind1=" " ind2=" ">
    <subfield code="c">BK</subfield>
    <subfield code="2">udc</subfield>
  </datafield>
  <datafield tag="955" ind1=" " ind2=" ">
    <subfield code="a">2</subfield>
  </datafield>
  <datafield tag="999" ind1=" " ind2=" ">
    <subfield code="c">313991</subfield>
    <subfield code="d">313991</subfield>
  </datafield>
  <datafield tag="952" ind1=" " ind2=" ">
    <subfield code="0">0</subfield>
    <subfield code="1">0</subfield>
    <subfield code="2">udc</subfield>
    <subfield code="4">0</subfield>
    <subfield code="7">0</subfield>
    <subfield code="a">101</subfield>
    <subfield code="b">101</subfield>
    <subfield code="d">2005-11-21</subfield>
    <subfield code="e">133/2005</subfield>
    <subfield code="g">31.00</subfield>
    <subfield code="i">88768</subfield>
    <subfield code="l">1</subfield>
    <subfield code="o">82(091)(477) &#x406;-90</subfield>
    <subfield code="p">88768</subfield>
    <subfield code="r">2022-01-28 00:00:00</subfield>
    <subfield code="s">2019-09-18</subfield>
    <subfield code="w">2005-11-21</subfield>
    <subfield code="y">BK</subfield>
  </datafield>
  <datafield tag="952" ind1=" " ind2=" ">
    <subfield code="0">0</subfield>
    <subfield code="1">0</subfield>
    <subfield code="2">udc</subfield>
    <subfield code="4">0</subfield>
    <subfield code="7">0</subfield>
    <subfield code="a">101</subfield>
    <subfield code="b">101</subfield>
    <subfield code="d">2005-11-21</subfield>
    <subfield code="e">133/2005</subfield>
    <subfield code="g">31.00</subfield>
    <subfield code="i">88769</subfield>
    <subfield code="l">0</subfield>
    <subfield code="o">82(091)(477) &#x406;-90</subfield>
    <subfield code="p">88769</subfield>
    <subfield code="r">2022-01-28 00:00:00</subfield>
    <subfield code="w">2005-11-21</subfield>
    <subfield code="y">BK</subfield>
  </datafield>
</record>
